Countries by Alpha Code 2 - Statistics

General Stats
  • This quiz has been taken 22 times
  • The average score is 12 of 21
Answer Stats
Alpha Code Answer % Correct
AL Albania
92%
JP Japan
92%
VE Venezuela
92%
DJ Djibouti
85%
FI Finland
85%
IN India
85%
ZW Zimbabwe
85%
RU Russia
77%
KE Kenya
62%
LB Lebanon
62%
NR Nauru
62%
TJ Tajikistan
62%
HN Honduras
54%
BH Bahrain
46%
CM Cameroon
46%
MG Madagascar
46%
EG Egypt
38%
GM Gambia
31%
PW Palau
23%
LC Saint Lucia
8%
UA Ukraine
8%
No matching quizzes found
Score Distribution
Percent of People with Each Score
Percentile by Number Answered
Your Score History
You have not taken this quiz